Domokos Géza 70 éves. Köszöntő az intézményteremtőnek

Elmentve itt :
Bibliográfiai részletek
Szerző: DÁVID Gyula
Adatforrás:Meister
Forrásdokumentuma:A Hét. -
21 sz., 1998, 5 p.
Nyelv:magyar
Kulcsszavak:évforduló
DOMOKOS Géza
LEADER 00371nab a2200133 i 4500
001 bibPRO00007482
008 060524s1998 xx hun
040 |a Sz1 
041 |a hun 
100 1 |a DÁVID Gyula 
245 1 0 |a Domokos Géza 70 éves. Köszöntő az intézményteremtőnek  |c DÁVID Gyula 
695 |a évforduló 
695 |a DOMOKOS Géza 
773 0 |t A Hét. -  |g 21 sz., 1998, 5 p.